Geography by Letter on the Map of South America - A - Statistics

General Stats
  • This quiz has been taken 8,867 times
  • The average score is 5 of 10
Answers on the Map
Answers color-coded by a green-red scale on the quiz's map according to % correct below.
 
Answer Stats
Answer % Correct
Argentina
98%
Andes
97%
Amazon
96%
Asuncion
66%
Aruba
52%
Atacama Desert
43%
Aconcagua
40%
Arequipa
23%
Acre
18%
Amapá
13%
No matching quizzes found
Score Distribution
Percent of People with Each Score
Percentile by Number Answered
Your Score History
You have not taken this quiz